Storia di Roma

Saved in:
Bibliographic Details
Main Authors: Cary, M (Author), Scullar, Howard Hayes (Author)
Format: Book
Language:Italian
Published: Bolonia Il Mulino 1981
Series:Testi e di Studi, Storia
Subjects:
Tags: Add Tag
No Tags, Be the first to tag this record!

MARC

LEADER 00000nam a2200000 a 4500
001 UCP9054
003 CL-VaPUC
008 000317e19810000IT |||||||||||||||||ita|d
082 0 4 |a 937  |b CAR  |2 21 
100 0 |a Cary, M  |e author  |9 439383 
700 0 |a Scullar, Howard Hayes  |e author  |9 439384 
245 1 0 |a Storia di Roma 
300 |a 3 v 
942 |c BK 
945 |d 20000317 00:00:00  |a rherrera 
260 |a Bolonia  |b Il Mulino  |c 1981 
500 |a v.1: Del Primer Asentamiento a la Crisis de la Constitución Romana 
500 |a v.2: El Fin de la República y la Instauración del Imperio 
650 0 |a Historia antigua  |9 267521 
650 7 |a ROMA  |2 CL-VaPUC  |9 317375 
650 0 |a Prehistoria  |9 316557 
650 0 |a República romana  |9 433651 
650 0 |a Imperio Romano  |9 322785 
650 7 |a CRISIS  |2 CL-VaPUC  |9 328300 
583 |a last modification  |c 20000317 00:00:00  |k Rodrigo Vera 
490 0 |a Testi e di Studi, Storia 
999 |c 285906  |d 285904 
952 |0 0  |1 0  |4 0  |6 937_000000000000000_CAR_1981  |7 0  |8 A  |9 330766  |a BIBHIS  |b BIBHIS  |d 2019-11-20  |h v.1  |i 1395319  |o 937 CAR 1981  |p 1395319  |r 2025-01-20  |w 2019-11-20  |y BK  |k HIS 
952 |0 0  |1 0  |4 0  |6 937_000000000000000_CAR_1981  |7 0  |8 A  |9 330767  |a BIBHIS  |b BIBHIS  |d 2019-11-20  |h v.2  |i 1395327  |o 937 CAR 1981  |p 1395327  |r 2025-01-20  |w 2019-11-20  |y BK  |k HIS